Niall horan song by emojis - Statistics

General Stats
  • This quiz has been taken 440 times
  • The average score is 10 of 14
Answer Stats
Picture Answer % Correct
Black and white
99%
Heartbreak weather
93%
Mirrors
92%
Paper houses
79%
Seeing blind
79%
Slow hands
77%
Nice to meet ya
71%
Science
69%
You and me
64%
This town
63%
Fire away
61%
Melt down
61%
The tide
43%
Cross your mind
34%
No matching quizzes found
Score Distribution
Percent of People with Each Score
Percentile by Number Answered
Your Score History
You have not taken this quiz